000 01014nam a2200301Ia 4500
005 20220316235338.0
008 121119s2002 ck a gr 000 f spa
020 _a958300670X
041 0 _aspa
100 1 _aRivera, José Eustasio
_d1889-1928
245 1 3 _aLa vorágine
_cJose Eustasio Rivera; prólogo, Germán Espinosa ; ilustraciones, Alekos
250 _aPrimera edición
300 _a328 páginas
_bilustraciones
_c21 cm
490 0 _aLetras latinoamericanas : novela
650 1 4 _aHistorias de aventuras
_2LEMB
650 1 4 _aVida en la selva
_vNovela
_2LEMB
650 1 4 _aIndustrias del caucho
_xAspectos sociales
_vNovela
_2LEMB
650 1 4 _aNovela colombiana
_2LEMB
700 1 _aAlekos
_eilustrador
_936445
700 1 _aEspinosa, Germán
_936446
942 _2loc
_cBK
264 _aBogotá
_bPanamericana
_c2002
336 _atexto
_btxt
_2rdacontent
337 _asin mediación
_bn
_2rdamedia
338 _avolumen
_bnc
_2rdacarrier
040 _aCO-BoRNBP
_bspa
_erda
_cCO-BoRNBP
084 _aN RIV1
999 _c675
_d675